A casa sinistra (Record no. 169612)

MARC details
000 -LÍDER
campo de controle de tamanho fixo 00354 a2200169 4500
001 - NÚMERO DE CONTROLE
campo de controle 169612
020 ## - ISBN - INTERNATIONAL STANDARD BOOK NUMBER
ISBN - International Standard Book Number 85-209-0348-7
040 ## - FONTE DA CATALOGAÇÃO
Instituição que transcreveu o registro Magnum
100 ## - ENTRADA PRINCIPAL--NOME PESSOAL
Nome pessoal Padula, Maria
240 10 - TÍTULO UNIFORME
Título uniforme A casa sinistra
Idioma da obra por
245 10 - TÍTULO
Título A casa sinistra
300 ## - DESCRIÇÃO FÍSICA
Extensão 152
362 0# - DATAS DE PUBLICAÇÃO E/OU DESIGNAÇÃO SEQUENCIAL
Datas de publicação e/ou designação sequencial 1992
440 #1 - DECLARAÇÃO DE SÉRIE/ENTRADA ADICIONADA--TÍTULO
Título Nova Fronteira
697 ## - ENTRADA DE ASSUNTO LOCAL--ENTIDADE COLETIVA (RLIN)
Nome corporativo ou nome da jurisdição LITERATURA JUVENIL
942 ## - ELEMENTOS DE ENTRADA ADICIONADOS (KOHA)
Tipo de material Koha Livros
Holdings
Situação do descarte Situação das perdas Situação física Não pode ser emprestado Biblioteca de origem Biblioteca atual Data de aquisição Total de empréstimos Número de chamada completo Código de barras Data de último acesso Data do preço efetivo Tipo de material Koha
        Magnum Magnum 08/06/2024   869.3.430 MAG00014222 08/06/2024 08/06/2024 Livros
        Magnum Magnum 08/06/2024   869.3.430 MAG00014223 08/06/2024 08/06/2024 Livros